[Event "Sitges Sunway op-A 11th"]
[Site "Sitges"]
[Date "2024.12.19"]
[Round "7"]
[White "Kristoferitsch, Daniel"]
[Black "Diaz Rosas, Julio Cesar"]
[Result "1-0"]
[WhiteElo "2287"]
[BlackElo "2401"]
[PlyCount "51"]
[EventDate "2024.12.12"]
[EventType "swiss"]
[EventRounds "10"]
[EventCountry "ESP"]
[SourceTitle "CB52_2024"]
[SourceDate "2024.12.25"]
[SourceVersion "1"]
[SourceVersionDate "2024.12.25"]
[SourceQuality "1"]

1. d4 Nf6 2. c4 e6 3. Nc3 d5 4. cxd5 exd5 5. Bg5 Bb4 6. e3 h6 7. Bh4 g5 8. Bg3 Ne4 9. Nge2 h5 10. h4 Bg4 11. Qb3 Nc6 12. Bh2 Be6 13. hxg5 Qxg5 14. Bxc7 Qe7 15. Bf4 Na5 16. Qc2 Bf5 17. a3 Nc6 18. axb4 Nxb4 19. Qd1 Rc8 20. Rc1 0-0 21. Ng3 Bg4 22. Be2 Nxc3 23. bxc3 Na2 24. Bxg4 Rxc3 25. Rxc3 Nxc3 26. Qb3 1-0

[Event "AUT-chT2M 2425"]
[Site "Austria"]
[Date "2024.10.20"]
[Round "3.1"]
[White "Kristoferitsch, Daniel"]
[Black "Stevic, Hrvoje"]
[Result "0-1"]
[WhiteElo "2310"]
[BlackElo "2531"]
[PlyCount "126"]
[EventDate "2024.10.18"]
[EventType "team-tourn"]
[EventRounds "11"]
[EventCountry "AUT"]
[SourceTitle "CB44_2024"]
[Source "Chessbase"]
[SourceDate "2024.10.30"]
[SourceVersion "1"]
[SourceVersionDate "2024.10.30"]
[SourceQuality "1"]
[WhiteTeam "Graz Schachfreunde"]
[BlackTeam "Gleisdorf"]
[WhiteTeamCountry "AUT"]
[BlackTeamCountry "AUT"]

1. d4 d5 2. c4 c6 3. Nc3 Nf6 4. e3 e6 5. Nf3 a6 6. Qc2 c5 7. cxd5 exd5 8. Be2 cxd4 9. exd4 Be6 10. Bg5 Be7 11. 0-0 Nc6 12. Rad1 0-0 13. Ne5 Rc8 14. Bf3 Nd7 15. Nxd7 Qxd7 16. Bxe7 Nxe7 17. Qb3 Rc4 18. Be2 Rc6 19. Rfe1 Qc7 20. Bd3 Bf5 21. f3 Rh6 22. Re5 Be6 23. g3 Nc6 24. Re3 Rd8 25. Ne2 Rf6 26. a3 g6 27. Kf2 Bf5 28. Bxf5 Rxf5 29. Qc3 Rf6 30. Rc1 Kg7 31. Qc5 h5 32. h4 Qd7 33. Ng1 Rc8 34. Qc3 Ne7 35. Qd2 Rxc1 36. Qxc1 Nf5 37. Rd3 Rc6 38. Qd1 Qc7 39. Ne2 Rc2 40. Rd2 Rc4 41. Qb3 b5 42. Qd3 Kg8 43. Qb3 Qb6 44. Qd3 Qc7 45. Qb3 Qb6 46. Qd3 b4 47. b3 Rc6 48. axb4 Qxb4 49. Ra2 Qb6 50. Ra4 Qb7 51. Ra5 Rb6 52. Ra3 Kg7 53. Nf4 Rf6 54. Ra5 Nxh4 55. Rc5 Nf5 56. Nxd5 Rd6 57. Qc4 Qd7 58. Rc7 Qe6 59. Nb4 Qe3+ 60. Kg2 Qd2+ 61. Kh3 Rf6 62. Nd5 Qf2 63. Nxf6 Qxg3# 0-1

[Event "AUT-chT2M 2324"]
[Site "Austria"]
[Date "2024.04.19"]
[Round "9.2"]
[White "Kristoferitsch, Daniel"]
[Black "Hasanagic, Alim"]
[Result "1-0"]
[WhiteElo "2270"]
[BlackElo "2301"]
[PlyCount "93"]
[EventDate "2023.11.03"]
[EventType "team-tourn"]
[EventRounds "11"]
[EventCountry "AUT"]
[SourceTitle "EXT 2025"]
[Source "ChessBase"]
[SourceDate "2024.10.14"]
[SourceVersion "1"]
[SourceVersionDate "2024.10.14"]
[SourceQuality "1"]
[WhiteTeam "Graz Schachfreunde"]
[BlackTeam "Villach Admira"]
[WhiteTeamCountry "AUT"]
[BlackTeamCountry "AUT"]

1. d4 d5 2. c4 c6 3. Nc3 Nf6 4. e3 e6 5. Nf3 Nbd7 6. Be2 Bd6 7. 0-0 0-0 8. Qc2 dxc4 9. a4 e5 10. Bxc4 exd4 11. exd4 Nb6 12. Bb3 Nbd5 13. Bg5 Be6 14. Nxd5 cxd5 15. Qd3 Be7 16. Rfe1 Ne4 17. Bxe7 Qxe7 18. Nd2 Nxd2 19. Qxd2 Qd6 20. a5 Rac8 21. Re3 Rc7 22. Rae1 b6 23. axb6 Qxb6 24. h4 g6 25. h5 Qd6 26. Rg3 Rfc8 27. Qh6 Qf8 28. Qf4 Qb4 29. Rxe6 fxe6 30. hxg6 h5 31. Kh2 Rg7 32. Qe5 Qe7 33. Bxd5 Re8 34. Bb3 h4 35. Rg4 Qc7 36. Qxc7 Rxc7 37. Rxh4 Rg7 38. d5 Rxg6 39. dxe6 Kg7 40. Rb4 Kf6 41. g4 a5 42. Rf4+ Kg5 43. Kg3 Rf6 44. Re4 Ref8 45. Re5+ Kg6 46. Bc2+ Kg7 47. Bf5 1-0

[Event "Szombathely Hali Cup"]
[Site "Szombathely"]
[Date "2024.02.16"]
[Round "8"]
[White "Kristoferitsch, Daniel"]
[Black "Lakos, Nikoletta"]
[Result "1-0"]
[WhiteElo "2246"]
[BlackElo "2210"]
[PlyCount "73"]
[EventDate "2024.02.12"]
[EventType "tourn"]
[EventRounds "9"]
[EventCountry "HUN"]
[EventCategory "2"]
[SourceTitle "EXT 2025"]
[Source "ChessBase"]
[SourceDate "2024.10.14"]
[SourceVersion "1"]
[SourceVersionDate "2024.10.14"]
[SourceQuality "1"]

1. d4 d6 2. Nf3 Nf6 3. c4 Bg4 4. Qb3 Qc8 5. h3 Bxf3 6. Qxf3 e5 7. d5 c5 8. Nc3 Nbd7 9. g4 g6 10. g5 Nh5 11. h4 f5 12. gxf6 Ndxf6 13. Bh3 Qc7 14. Bg5 Bg7 15. Be6 a6 16. a4 Qa5 17. 0-0 Rf8 18. Rfb1 Qc7 19. b4 cxb4 20. Rxb4 e4 21. Qe3 h6 22. Rab1 hxg5 23. Rxb7 Qc5 24. Qxc5 dxc5 25. d6 Nd7 26. Bxd7+ Kf7 27. Nxe4 gxh4 28. Nxc5 Kg8 29. Ne6 Rf5 30. e4 Re5 31. f3 Nf6 32. Rb8+ Rxb8 33. Rxb8+ Kh7 34. Bc8 h3 35. d7 Nxd7 36. Bxd7 h2+ 37. Kh1 1-0

[Event "AUT-ch U18 Rapid"]
[Site "Vienna"]
[Date "2023.10.28"]
[Round "7"]
[White "Kristoferitsch, Daniel"]
[Black "Karner, Daniel"]
[Result "1-0"]
[WhiteElo "2275"]
[BlackElo "1862"]
[PlyCount "31"]
[EventDate "2023.10.27"]
[EventType "swiss"]
[EventRounds "9"]
[EventCountry "AUT"]
[SourceTitle "EXT 2025"]
[Source "ChessBase"]
[SourceDate "2024.10.14"]
[SourceVersion "1"]
[SourceVersionDate "2024.10.14"]
[SourceQuality "1"]

1. d4 Nf6 2. c4 c5 3. d5 b5 4. cxb5 a6 5. bxa6 g6 6. Nc3 Bg7 7. e4 0-0 8. a7 Rxa7 9. Nf3 Ba6 10. Be2 d6 11. 0-0 Nfd7 12. a4 Qb6 13. Nb5 Bxb5 14. Bxb5 Na6 15. Nd2 Nc7 16. Bxd7 1-0

[Event "AUT-ch U18 Rapid"]
[Site "Vienna"]
[Date "2023.10.28"]
[Round "8"]
[White "Kristoferitsch, Daniel"]
[Black "Wagner, Leopold Franziskus"]
[Result "1-0"]
[WhiteElo "2275"]
[BlackElo "2205"]
[PlyCount "75"]
[EventDate "2023.10.27"]
[EventType "swiss"]
[EventRounds "9"]
[EventCountry "AUT"]
[SourceTitle "EXT 2025"]
[Source "ChessBase"]
[SourceDate "2024.10.14"]
[SourceVersion "1"]
[SourceVersionDate "2024.10.14"]
[SourceQuality "1"]

1. d4 Nf6 2. c4 e6 3. Nc3 Bb4 4. Qc2 0-0 5. e4 d5 6. e5 Ne4 7. Nf3 c5 8. Bd3 Nc6 9. 0-0 Bxc3 10. bxc3 f5 11. exf6 Nxf6 12. Ba3 b6 13. dxc5 Re8 14. Rfe1 bxc5 15. cxd5 Qxd5 16. Rad1 Qh5 17. Bb5 Bb7 18. Rd6 Rac8 19. Qa4 Nb8 20. Bxe8 Rxe8 21. Qf4 Nd5 22. Qg5 Qf7 23. Rd8 Nd7 24. Rxe8+ Qxe8 25. c4 N5f6 26. Ne5 Nb6 27. Bxc5 Na4 28. Bd4 Qd8 29. Qh4 Qc7 30. Ng4 Ne4 31. Be5 Qf7 32. f3 Nec5 33. Ne3 Qe8 34. Bd4 Nd7 35. Qg4 e5 36. Ba1 Nf6 37. Qg5 e4 38. Bxf6 1-0

[Event "AUT-ch U18 Rapid"]
[Site "Vienna"]
[Date "2023.10.28"]
[Round "9"]
[White "Morgunov, Marc"]
[Black "Kristoferitsch, Daniel"]
[Result "1-0"]
[WhiteElo "2379"]
[BlackElo "2275"]
[PlyCount "75"]
[EventDate "2023.10.27"]
[EventType "swiss"]
[EventRounds "9"]
[EventCountry "AUT"]
[SourceTitle "EXT 2025"]
[Source "ChessBase"]
[SourceDate "2024.10.14"]
[SourceVersion "1"]
[SourceVersionDate "2024.10.14"]
[SourceQuality "1"]

1. e4 e6 2. d4 d5 3. Nc3 Nf6 4. e5 Nfd7 5. f4 c5 6. Nf3 Nc6 7. Ne2 Be7 8. g3 0-0 9. Bh3 cxd4 10. Nexd4 Nc5 11. 0-0 f6 12. exf6 Bxf6 13. c3 Qe8 14. Re1 Ne4 15. Be3 Bd7 16. Qb3 Na5 17. Qc2 Nc4 18. Rad1 Qf7 19. Bc1 Rae8 20. Bg2 Qh5 21. b3 Ncd6 22. c4 Rc8 23. Ba3 Rfe8 24. Qd3 Rcd8 25. cxd5 exd5 26. Rc1 Rc8 27. Rxc8 Rxc8 28. Bxd6 Nxd6 29. Ne5 Bc6 30. Ndxc6 bxc6 31. Nxc6 Ne4 32. Ne5 Bxe5 33. Qxd5+ Kh8 34. Bxe4 Re8 35. fxe5 Rxe5 36. Qd4 Qe8 37. Rf1 h5 38. Qxe5 1-0